[Event "Erfurt HT op 26th"]
[Site "Erfurt"]
[Date "2016.12.27"]
[Round "2"]
[White "Woost, Thomas"]
[Black "Schaefer, Matthes"]
[Result "1/2-1/2"]
[WhiteElo "1933"]
[BlackElo "1786"]
[PlyCount "104"]
[EventDate "2016.12.26"]
[EventType "swiss"]
[EventRounds "8"]
[EventCountry "GER"]
[SourceTitle "EXT 2018"]
[Source "ChessBase"]
[SourceDate "2017.10.13"]
[SourceVersion "1"]
[SourceVersionDate "2017.10.13"]
[SourceQuality "1"]

1. e4 e6 2. d4 d5 3. exd5 exd5 4. Nf3 Nf6 5. Be2 Nc6 6. 0-0 Be7 7. Bf4 0-0 8. Nc3 Bf5 9. Re1 a6 10. a3 Re8 11. Ne5 Bd6 12. Bf3 Ne7 13. Bg5 c6 14. Bxf6 gxf6 15. Ng4 Bxg4 16. Bxg4 Qc7 17. h3 Ng6 18. Qf3 Kg7 19. Bf5 Rxe1+ 20. Rxe1 Qb6 21. Qg4 Qxb2 22. Nd1 Qxa3 23. h4 h5 24. Qe2 Qa5 25. Kf1 Bb4 26. c3 Bxc3 27. Nxc3 Qxc3 28. Bxg6 Kxg6 29. Kg1 Qxd4 30. Rd1 Qe5 31. Qc2+ Kg7 32. Rd3 Qe1+ 33. Kh2 Qe5+ 34. Rg3+ Kh8 35. Qd2 Kh7 36. Qc2+ Qe4 37. Qd1 Qf5 38. Rf3 Qe5+ 39. Kg1 Rg8 40. Re3 Qf5 41. Rf3 Qg4 42. Qd3+ Qe4 43. Qd1 b5 44. Kh2 d4 45. g3 c5 46. Rxf6 Qd5 47. Qd3+ Rg6 48. Rf5 Qc4 49. Rxh5+ Kg7 50. Qf5 Qe2 51. Kg2 d3 52. Qxc5 Qe4+ 1/2-1/2

[Event "Leipzig VfB op 23rd"]
[Site "Leipzig"]
[Date "2016.03.19"]
[Round "8"]
[White "Noack, Thomas"]
[Black "Schaefer, Matthes"]
[Result "1/2-1/2"]
[WhiteElo "1981"]
[BlackElo "1775"]
[PlyCount "36"]
[EventDate "2016.03.15"]
[EventType "swiss"]
[EventRounds "9"]
[EventCountry "GER"]
[SourceTitle "EXT 2017"]
[Source "ChessBase"]
[SourceDate "2016.10.25"]
[SourceVersion "1"]
[SourceVersionDate "2016.10.25"]
[SourceQuality "1"]

1. e4 e6 2. d4 d5 3. Nd2 Nf6 4. e5 Nfd7 5. f4 c5 6. c3 Nc6 7. Ndf3 Qb6 8. g3 cxd4 9. cxd4 Bb4+ 10. Kf2 f6 11. Kg2 Nf8 12. h4 h5 13. Nh3 Bd7 14. Be3 Kf7 15. Be2 Be7 16. b3 Nh7 17. Rf1 Rac8 18. Qd2 Ba3 1/2-1/2

[Event "Sachsen-ch U12"]
[Site "Sebnitz"]
[Date "2011.04.29"]
[Round "5"]
[White "Schaefer, Matthes"]
[Black "Urban, Konstantin"]
[Result "0-1"]
[WhiteElo "1414"]
[BlackElo "1677"]
[PlyCount "76"]
[EventDate "2011.04.26"]
[EventType "swiss"]
[EventRounds "7"]
[EventCountry "GER"]
[SourceTitle "EXT 2012"]
[Source "ChessBase"]
[SourceDate "2011.11.24"]
[SourceVersion "1"]
[SourceVersionDate "2011.11.24"]
[SourceQuality "1"]

1. e4 c5 2. d4 cxd4 3. c3 d3 4. Bxd3 e6 5. Nf3 a6 6. Bf4 d6 7. Nbd2 Qc7 8. 0-0 Nc6 9. Bc2 b5 10. a4 Bb7 11. Qe2 bxa4 12. Bxa4 Nf6 13. Rfd1 Be7 14. Nc4 e5 15. Be3 0-0 16. Bb6 Qb8 17. Nh4 g6 18. Qf3 Nd7 19. Qg4 Nf6 20. Qf3 Kh8 21. Nxd6 Nh5 22. Nxf7+ Kg7 23. Nf5+ gxf5 24. Qxh5 Rxf7 25. exf5 Qc8 26. Bc2 Bf6 27. Bb3 Re7 28. Rd6 Qe8 29. Qg4+ Kh8 30. Rxf6 Rg7 31. Qd1 Nd4 32. g3 Nf3+ 33. Kh1 Qh5 34. h4 Qg4 35. Kg2 Nxh4+ 36. Kh2 Nf3+ 37. Kg2 Nd2+ 38. Kh2 Bf3 0-1

[Event "Sachsen-ch U12"]
[Site "Sebnitz"]
[Date "2011.04.28"]
[Round "4"]
[White "Schaefer, Matthes"]
[Black "Herbrig, Alexander"]
[Result "1/2-1/2"]
[WhiteElo "1414"]
[BlackElo "1298"]
[PlyCount "87"]
[EventDate "2011.04.26"]
[EventType "swiss"]
[EventRounds "7"]
[EventCountry "GER"]
[SourceTitle "EXT 2012"]
[Source "ChessBase"]
[SourceDate "2011.11.24"]
[SourceVersion "1"]
[SourceVersionDate "2011.11.24"]
[SourceQuality "1"]

1. e4 c5 2. d4 cxd4 3. c3 dxc3 4. Nxc3 Nc6 5. Bf4 e5 6. Bg3 Nf6 7. Nf3 Bb4 8. Bd3 d5 9. 0-0 Bxc3 10. bxc3 dxe4 11. Nxe5 Nxe5 12. Bb5+ Nc6 13. Qxd8+ Kxd8 14. Rad1+ Ke8 15. Bc7 Bd7 16. Rfe1 Rc8 17. Bd6 a6 18. Ba4 b5 19. Bb3 Na5 20. Bb4 Nxb3 21. axb3 Bc6 22. Re3 Rd8 23. Rxd8+ Kxd8 24. Ba5+ Kc8 25. Rg3 g6 26. h3 Bd5 27. c4 Be6 28. Bc3 Rd8 29. Bxf6 Rd3 30. cxb5 axb5 31. b4 Rxg3 32. fxg3 Kd7 33. Be5 Kc6 34. Kf2 Kd5 35. Bf6 Kc4 36. Be7 Kd3 37. Bg5 Kc4 38. Be7 h6 39. Ke3 f5 40. Bc5 g5 41. Bd6 Kd5 42. Bc5 Ke5 43. Bd4+ Kd6 44. Bc5+ 1/2-1/2

[Event "GER-chT U12"]
[Site "Gross Doelln"]
[Date "2010.12.27"]
[Round "2.3"]
[White "Bergauz, Noam"]
[Black "Schaefer, Matthes"]
[Result "1-0"]
[WhiteElo "1361"]
[BlackElo "1387"]
[PlyCount "81"]
[EventDate "2010.12.27"]
[EventType "team-swiss"]
[EventRounds "7"]
[EventCountry "GER"]
[SourceTitle "CBM 140 Extra"]
[Source "ChessBase"]
[SourceDate "2011.03.01"]
[SourceVersion "1"]
[SourceVersionDate "2011.03.01"]
[SourceQuality "1"]
[WhiteTeam "Muenchen Suedost U12"]
[BlackTeam "Leipzig BSG Chemie U12"]
[WhiteTeamCountry "GER"]
[BlackTeamCountry "GER"]

1. e4 c5 2. Nf3 d6 3. d4 cxd4 4. Nxd4 Nf6 5. Nc3 g6 6. Be3 Bg7 7. Be2 a6 8. f4 Nc6 9. Bf3 Bd7 10. h3 Rc8 11. Qd2 Na5 12. Be2 Bc6 13. Nxc6 Nxc6 14. g4 Nb4 15. a3 Nxe4 16. Nxe4 Nxc2+ 17. Kf2 Nxa1 18. Rxa1 Qd7 19. Bd4 e5 20. fxe5 dxe5 21. Be3 Qxd2 22. Bxd2 0-0 23. Bb4 Rfd8 24. Nd6 Rc2 25. Nxb7 Rd4 26. Bc3 Rd3 27. Rh1 Bh6 28. a4 Re3 29. Re1 Rxh3 30. Bxe5 Bg5 31. Bg3 Bh4 32. Bxh4 Rxh4 33. Kg3 g5 34. Nd6 Rh6 35. Nf5 Rf6 36. Bd3 Re6 37. Rxe6 fxe6 38. Bxc2 exf5 39. gxf5 h5 40. b4 Kf7 41. b5 1-0

[Event "GER-ch U10"]
[Site "Willingen"]
[Date "2009.06.05"]
[Round "9"]
[White "Schaefer, Matthes"]
[Black "Riewe, Jana"]
[Result "0-1"]
[WhiteElo "1311"]
[BlackElo "779"]
[PlyCount "82"]
[EventDate "2009.05.30"]
[EventType "swiss"]
[EventRounds "11"]
[EventCountry "GER"]
[SourceTitle "EXT 2010"]
[Source "ChessBase"]
[SourceDate "2010.11.25"]
[SourceVersion "1"]
[SourceVersionDate "2010.11.25"]
[SourceQuality "1"]

1. e4 e5 2. Nf3 Nc6 3. d4 exd4 4. Bc4 d5 5. Bxd5 Bg4 6. h3 Bxf3 7. Qxf3 Nf6 8. Bc4 Bc5 9. 0-0 0-0 10. Bg5 Ne5 11. Qb3 b6 12. Bd5 c6 13. Bc4 Qd6 14. Bd3 Nh5 15. Be2 Qg6 16. Bxh5 Qxh5 17. Qg3 f6 18. Bf4 Rad8 19. Nd2 d3 20. c3 b5 21. Rad1 Nc4 22. Nxc4 bxc4 23. b3 Qe2 24. Rfe1 Qxa2 25. bxc4 Qxc4 26. Bd2 Rfe8 27. Qg4 a5 28. Qf4 a4 29. Ra1 a3 30. Qc7 Rc8 31. Qf4 a2 32. Bc1 Qxc3 33. Bd2 Qc4 34. Bc1 Ra8 35. Bb2 Qc2 36. Bxf6 gxf6 37. Rec1 Qb2 38. Qg3+ Kh8 39. Qxd3 Qxf2+ 40. Kh1 Rg8 41. Rg1 Rg7 0-1

[Event "GER-ch U10"]
[Site "Willingen"]
[Date "2009.06.05"]
[Round "10"]
[White "Schmitt, Marco"]
[Black "Schaefer, Matthes"]
[Result "0-1"]
[WhiteElo "993"]
[BlackElo "1311"]
[PlyCount "128"]
[EventDate "2009.05.30"]
[EventType "swiss"]
[EventRounds "11"]
[EventCountry "GER"]
[SourceTitle "EXT 2010"]
[Source "ChessBase"]
[SourceDate "2010.11.25"]
[SourceVersion "1"]
[SourceVersionDate "2010.11.25"]
[SourceQuality "1"]

1. e4 e5 2. Nf3 Nc6 3. Bc4 Nf6 4. d3 d5 5. exd5 Nxd5 6. c3 Bg4 7. Nbd2 Bc5 8. 0-0 0-0 9. Re1 Qd7 10. Ne4 Be7 11. Bb5 Bd6 12. Bc4 Nb6 13. Bh6 Be7 14. Be3 Nxc4 15. dxc4 Qxd1 16. Raxd1 Rad8 17. Nc5 b6 18. Nd3 e4 19. h3 Bxf3 20. gxf3 exd3 21. Bf4 Bd6 22. Bg3 Bxg3 23. fxg3 h6 24. Re3 Rfe8 25. Rxe8+ Rxe8 26. Rxd3 Re1+ 27. Kf2 Re7 28. f4 f6 29. g4 Kf7 30. b4 Kg6 31. Kg3 Kf7 32. b5 Na5 33. Rd4 Re3+ 34. Kf2 Re7 35. f5 c5 36. bxc6 Nxc6 37. Rd6 Ne5 38. Rd8 Nxc4 39. Rd4 Ne5 40. Ke2 Nc6+ 41. Kd3 Nxd4 42. Kxd4 Re5 43. Kc4 Ke7 44. Kb4 Rc5 45. Kb3 Kd6 46. a4 Kd5 47. Kb4 a5+ 48. Kb3 Ke4 49. Kc2 Kf3 50. Kd3 Re5 51. Kd4 Kg3 52. c4 Kxh3 53. Kd3 Kxg4 54. Kd4 h5 55. Kd3 h4 56. Kd4 h3 57. Kc3 h2 58. Kd3 h1Q 59. Kc3 Qf3+ 60. Kd4 Qe4+ 61. Kc3 Qf4 62. Kd3 Re3+ 63. Kc2 Qf2+ 64. Kd1 Re1# 0-1

[Event "GER-ch U10"]
[Site "Willingen"]
[Date "2009.06.04"]
[Round "8"]
[White "Moses, Selina"]
[Black "Schaefer, Matthes"]
[Result "1/2-1/2"]
[WhiteElo "1044"]
[BlackElo "1311"]
[PlyCount "53"]
[EventDate "2009.05.30"]
[EventType "swiss"]
[EventRounds "11"]
[EventCountry "GER"]
[SourceTitle "EXT 2010"]
[Source "ChessBase"]
[SourceDate "2010.11.25"]
[SourceVersion "1"]
[SourceVersionDate "2010.11.25"]
[SourceQuality "1"]

1. e4 c5 2. Nc3 d6 3. g3 Nf6 4. Bg2 g6 5. Nf3 Bg7 6. 0-0 0-0 7. h3 Nc6 8. d3 Be6 9. Be3 Qd7 10. Kh2 Qc7 11. Qd2 Rad8 12. Bh6 b6 13. Bxg7 Kxg7 14. Ne1 Ne5 15. f4 Nc6 16. g4 Bc8 17. Kh1 Rh8 18. Rg1 h6 19. f5 g5 20. Nf3 Nh7 21. h4 e5 22. Bh3 f6 23. h5 Ne7 24. Nb5 Qd7 25. a4 a6 26. Nc3 a5 27. Nb5 1/2-1/2